书目信息 |
| 题名: |
新视野
|
|
| 作者: | 郑树棠 总主编 ;李思国 主编 | |
| 分册: | ||
| 出版信息: | 合肥 黄山书社 1991 |
|
| 页数: | 654页 | |
| 开本: | 26cm | |
| 丛书名: | ||
| 单 册: | ||
| 中图分类: | H31 , H319.9 , G0 | |
| 科图分类: | ||
| 主题词: | 文化理论--高等学校--教材--文化理论--听说教学--高等学校--教材 | |
| 电子资源: | ||
| ISBN: | 7-5600-3464-0 | |
| 000 | 00949nam0 2200277 450 | |
| 001 | 1561345773 | |
| 005 | 20150125170359.39 | |
| 010 | @a7-5600-3464-0@dCNY10.80 | |
| 100 | @a20030812d1991 em y0chiy50 ea | |
| 101 | 0 | @achi@aeng |
| 102 | @aCN@b340000 | |
| 105 | @ay z 000yy | |
| 200 | 1 | @a新视野@Axin shi ye@9xin shi ye da xue ying yu@f郑树棠总主编@g李思国主编 |
| 210 | @a合肥@c黄山书社@d1991 | |
| 215 | @a654页@d26cm@e光盘1片 | |
| 300 | @a普通高等教育“十五”国家级规划教材 教育部大学外语推荐教材 | |
| 307 | @a附光盘:ISBN 7-900659-09-9 | |
| 330 | @a本书共10个单元。内容分为听力训练、能力训练、听说训练以及课外练习等四部分内容。 | |
| 606 | 0 | @a文化理论@x高等学校@j教材@a文化理论@x听说教学@x高等学校@j教材 |
| 690 | @aH31@v5 | |
| 690 | @aH319.9@v5 | |
| 690 | @aG0@v4 | |
| 701 | 0 | @a郑树棠@9zheng shu tang@f(1945~)@4总主编 |
| 702 | 0 | @a李思国@9li si guo@c(英语教师)@4主编 |
| 801 | 0 | @aCN@bTSSF@c20150125 |
| 905 | @aZUCC@dG0@eJY4 | |
| 新视野/郑树棠总主编/李思国主编.-合肥:黄山书社,1991 |
| 654页;26cm+光盘1片 |
| 普通高等教育“十五”国家级规划教材 教育部大学外语推荐教材 |
| ISBN 7-5600-3464-0:CNY10.80 |
| 本书共10个单元。内容分为听力训练、能力训练、听说训练以及课外练习等四部分内容。 |
| ● |
| 相关链接 |
|
|
|
|
正题名:新视野
索取号:G0/JY4
 
预约/预借
| 序号 | 登录号 | 条形码 | 馆藏地/架位号 | 状态 | 备注 |
| 1 | 7853977 | 278539770 | 学院路分馆/ [索取号:G0/JY4] | 在馆 |